Ortología clásica de la lengua castellana (Record no. 131337)
[ view plain ]
| 000 -LEADER | |
|---|---|
| campo de control de longitud fija | 00901nam a2200229 i 4500 |
| 001 - NÚMERO DE CONTROL | |
| campo de control | 131337 |
| 003 - IDENTIFICADOR DE NÚMERO DE CONTROL | |
| campo de control | ES-MaACL |
| 005 - FECHA Y HORA DE LA ÚLTIMA TRANSACCIÓN | |
| campo de control | 20260113115908.0 |
| 007 - CAMPO FIJO DE DESCRIPCIÓN FÍSICA--INFORMACIÓN GENERAL | |
| campo de control de longitud fija | t| |
| 008 - DATOS DE LONGITUD FIJA--INFORMACIÓN GENERAL | |
| campo de control de longitud fija | 070214s1905 sp |||| | spa d |
| 100 1# - ENTRADA PRINCIPAL--NOMBRE DE PERSONA | |
| Nombre de persona | Robles Dégano, Felipe. |
| 9 (RLIN) | 97946 |
| 245 10 - MENCIÓN DEL TÍTULO | |
| Título | Ortología clásica de la lengua castellana |
| Resto del título | : fundada en la autoridad de cuatrocientos poetas / |
| Mención de responsabilidad, etc. | por D. Felipe Robles Dégano ; con una carta-prólogo del Sr. D. Marcelino Menéndez y Pelayo. |
| 260 ## - PUBLICACIÓN, DISTRIBUCIÓN, ETC. | |
| Lugar de publicación, distribución, etc. | Madrid : |
| Nombre del editor, distribuidor, etc. | Marcelino Tabarés, |
| Fecha de publicación, distribución, etc. | 1905. |
| 300 ## - DESCRIPCIÓN FÍSICA | |
| Extensión | VI, 380 p. ; |
| Dimensiones | 25 cm. |
| 530 ## - NOTA DISPONIBLE DE FORMULARIO FÍSICO ADICIONAL | |
| Nota de formato físico adicional disponible | Disponible en formato digital. |
| 650 04 - PUNTO DE ACCESO ADICIONAL DE MATERIA--TÉRMINO DE MATERIA | |
| Término de materia o nombre geográfico como elemento de entrada | Lengua española- |
| Subdivisión general | Pronunciación. |
| 9 (RLIN) | 14179 |
| 700 1# - ENTRADA AGREGADA--NOMBRE PERSONAL | |
| Nombre de persona | Menéndez y Pelayo, Marcelino, |
| Fechas asociadas al nombre | 1856-1912 |
| 9 (RLIN) | 80332 |
| 852 ## - LOCALIZACIÓN | |
| Ubicación | ES-MaACL |
| Número de control de estantería | B-4643 |
| Ubicación en estantería | Sala Pardo Bazán |
| 856 4# - LOCALIZACIÓN Y ACCESO ELECTRÓNICOS | |
| Identificador Uniforme de Recursos | <a href="http://bdh-rd.bne.es/viewer.vm?id=0000252223&page=1 ">http://bdh-rd.bne.es/viewer.vm?id=0000252223&page=1 </a> |
| Texto de enlace | (Biblioteca Digital Hispánica) |
| 942 ## - ELEMENTOS DE ENTRADA SECUNDARIOS (KOHA) | |
| Fuente del sistema de clasificación o colocación | Clasificación decimal universal |
| Estatus retirado | Estado de pérdida | Estado de daño | No para préstamo | Colección | Biblioteca de origen | Biblioteca actual | Ubicación en estantería | Fecha de adquisición | Fuente de adquisición | Total de préstamos | Signatura topográfica completa | Código de barras | Visto por última vez | Precio de reemplazo | Tipo de ítem Koha |
|---|---|---|---|---|---|---|---|---|---|---|---|---|---|---|---|
| Colección digital | Biblioteca del Ateneo de Madrid | Biblioteca del Ateneo de Madrid | Sala Pardo Bazán | 17/01/2008 | B-4643 | 1136733 | 23/02/2023 | 23/02/2023 | Libro impreso |
